[Event "Arco op 27th"]
[Site "Arco"]
[Date "2005.10.25"]
[Round "4"]
[White "Greevenbosch, Cornelis"]
[Black "Isonzo, Davide"]
[Result "0-1"]
[WhiteElo "2078"]
[BlackElo "2337"]
[PlyCount "134"]
[EventDate "2005.10.22"]
[EventType "swiss"]
[EventRounds "9"]
[EventCountry "ITA"]
[SourceTitle "EXT 2006"]
[Source "ChessBase"]
[SourceDate "2005.11.24"]
[SourceVersion "1"]
[SourceVersionDate "2005.11.24"]
[SourceQuality "1"]

1. e4 Nf6 2. e5 Nd5 3. d4 d6 4. c4 Nb6 5. f4 dxe5 6. fxe5 c5 7. Nf3 cxd4 8. Qxd4 Qxd4 9. Nxd4 g6 10. Nd2 Bg7 11. N2f3 0-0 12. Bf4 Na6 13. Be2 Nc5 14. 0-0 h6 15. b4 Ne6 16. Nxe6 Bxe6 17. c5 Nd5 18. Bd2 Rfd8 19. Rad1 Nc7 20. a3 Bb3 21. Rb1 Bd5 22. Bc3 Be4 23. Rbc1 Nd5 24. Ba1 g5 25. Nd2 Bg6 26. Nc4 Be4 27. Nd2 Bg6 28. Nc4 b6 29. c6 Rac8 30. b5 Nf4 31. Bg4 e6 32. Nd6 Rc7 33. Rcd1 Bf8 34. Bf3 Nd3 35. Be4 Nf4 36. a4 f5 37. Bf3 g4 38. g3 Nh3+ 39. Kg2 gxf3+ 40. Kxh3 Bh5 41. g4 Bxg4+ 42. Kg3 Rg7 43. Rxf3 Bh5+ 44. Kf2 Be7 45. Rd4 Bxf3 46. Kxf3 Bg5 47. h4 Be7 48. c7 Ra8 49. c8Q+ Rxc8 50. Nxc8 Bc5 51. Rd8+ Kh7 52. Bd4 Bb4 53. Re8 Rg4 54. Bf2 Ba3 55. Re7+ Bxe7 56. Nxe7 Rxa4 57. Nc6 a6 58. Nd4 axb5 59. Nxe6 b4 60. Nd4 b3 61. Nxb3 Ra3 62. Kf4 Rxb3 63. e6 Kg6 64. Bd4 h5 65. Ke5 b5 66. Kd5 Rd3 67. Kc5 Rxd4 0-1

[Event "Arco op 27th"]
[Site "Arco"]
[Date "2005.10.23"]
[Round "2"]
[White "Greevenbosch, Cornelis"]
[Black "Moratto, Davide"]
[Result "1/2-1/2"]
[WhiteElo "2078"]
[BlackElo "2009"]
[PlyCount "48"]
[EventDate "2005.10.22"]
[EventType "swiss"]
[EventRounds "9"]
[EventCountry "ITA"]
[SourceTitle "EXT 2006"]
[Source "ChessBase"]
[SourceDate "2005.11.24"]
[SourceVersion "1"]
[SourceVersionDate "2005.11.24"]
[SourceQuality "1"]

1. e4 c5 2. Nf3 d6 3. d4 cxd4 4. Nxd4 Nf6 5. Nc3 a6 6. Bg5 e6 7. f4 Nc6 8. Nxc6 bxc6 9. e5 h6 10. Bh4 g5 11. fxg5 Nd5 12. Nxd5 cxd5 13. Qh5 Qb6 14. Be2 Bg7 15. g6 0-0 16. Rf1 Ra7 17. Bf2 d4 18. 0-0-0 dxe5 19. gxf7+ Raxf7 20. Bg3 Rf5 21. Qg6 R8f6 22. Qe8+ Rf8 23. Qg6 R8f6 24. Qe8+ Rf8 1/2-1/2

[Event "Arvier op 2nd"]
[Site "Arvier"]
[Date "2005.04.22"]
[Round "6"]
[White "Greevenbosch, Cornelis"]
[Black "Renzini, Lorenzo"]
[Result "1-0"]
[WhiteElo "1794"]
[BlackElo "1736"]
[PlyCount "44"]
[EventDate "2005.04.18"]
[EventType "swiss"]
[EventRounds "9"]
[EventCountry "ITA"]
[SourceTitle "CBM 105 Extra"]
[Source "ChessBase"]
[SourceDate "2005.05.01"]
[SourceVersion "1"]
[SourceVersionDate "2005.05.01"]
[SourceQuality "1"]

1. e4 c5 2. Nf3 d6 3. d4 cxd4 4. Nxd4 Nf6 5. Nc3 a6 6. Bg5 e6 7. Be2 Be7 8. 0-0 0-0 9. Kh1 Nc6 10. f4 Qc7 11. f5 Nxd4 12. Qxd4 Qc5 13. Qxc5 dxc5 14. e5 Nd5 15. f6 Bd8 16. Ne4 Bc7 17. c4 Nb4 18. fxg7 Rd8 19. Bxd8 Bxd8 20. Nd6 Kxg7 21. Rxf7+ Kg6 22. Rf8 Bd7 1-0

[Event "Arvier op 2nd"]
[Site "Arvier"]
[Date "2005.04.18"]
[Round "1"]
[White "Vrban, Damir"]
[Black "Greevenbosch, Cornelis"]
[Result "1-0"]
[WhiteElo "2131"]
[BlackElo "1794"]
[PlyCount "89"]
[EventDate "2005.04.18"]
[EventType "swiss"]
[EventRounds "9"]
[EventCountry "ITA"]
[SourceTitle "EXT 2024"]
[Source "ChessBase"]
[SourceDate "2023.10.10"]
[SourceVersion "1"]
[SourceVersionDate "2023.10.10"]
[SourceQuality "1"]

1. f4 Nf6 2. Nf3 d5 3. g3 g6 4. Bg2 Bg7 5. 0-0 0-0 6. d3 c5 7. c3 Nc6 8. Na3 Re8 9. Nh4 e6 10. Kh1 b6 11. Qa4 Bb7 12. e4 d4 13. e5 Nd5 14. Nb5 Bf8 15. cxd4 a6 16. Nc3 Nxd4 17. Ne4 Be7 18. Nf3 Nxf3 19. Bxf3 b5 20. Qd1 Qb6 21. a3 Red8 22. Qe2 Rac8 23. g4 c4 24. dxc4 Rxc4 25. f5 exf5 26. gxf5 Rxc1 27. Rfxc1 Nf4 28. Qf1 Nd3 29. Rc2 Nxe5 30. Bg2 Rd4 31. f6 Bf8 32. Re1 Nc4 33. Ng3 Bxg2+ 34. Rxg2 Qc6 35. Nf5 Rd8 36. Ne7+ Bxe7 37. fxe7 Re8 38. Qf2 Qd5 39. Qf6 h5 40. Kg1 Nd2 41. Rxg6+ fxg6 42. Qxg6+ Kh8 43. Qxe8+ Kh7 44. Qh8+ Kxh8 45. e8Q+ 1-0